Meždunarodnyje transportnyje organizacii

Guardado en:
Detalles Bibliográficos
Otros Autores: Serebrjakov, V.V
Formato: Libro
Lenguaje:ruso
Publicado: Moskva Transport 1986
Edición:1. izd.
Etiquetas: Agregar Etiqueta
Sin Etiquetas, Sea el primero en etiquetar este registro!

MARC

LEADER 00000nam a2200000 4500
001 c024553
005 20221220072036.1
041 0 |a rus 
044 |a RU 
245 1 0 |a Meždunarodnyje transportnyje organizacii  |c Red. V.V Serebrjakov 
250 |a 1. izd. 
264 1 |a Moskva  |b Transport  |c 1986 
300 |a 582 s. 
700 1 |a Serebrjakov, V.V